| 000 | 00842nam a2200229Ii 4500 | ||
|---|---|---|---|
| 003 | JO-AjNU | ||
| 008 | 230605s9999||||xx |||||||||||||| ||und|| | ||
| 017 | _a2007/7/2256 | ||
| 020 | _a978-9957-11-719-1 | ||
| 040 |
_aJO-AjNU _bara _erda _cJO-AjNU |
||
| 041 | _aara | ||
| 050 | 1 | 4 | _aQA39.2.M8364 2008 |
| 100 | 3 |
_aالمفرجي ، ناصر حسين سلمان/ جلنار محمد هادي جلنار , _eauthor _931436 |
|
| 245 | 0 | 0 | _aالرياضيات المتقطعة في علم الحاسوب لطلبة علم الحاسوب وهمدسة البرمجيات |
| 250 | _aط5 | ||
| 264 | 3 | 1 | _aعمان:دار وائل ، 2008 |
| 300 | _a333ص | ||
| 336 |
_atext _btxt _2rdacontent |
||
| 337 |
_aunmediated _bn _2rdamedia |
||
| 338 |
_avolume _bnc _2rdacarrier |
||
| 650 | 4 |
_aالرياضيات-معالجة البيانات _931437 |
|
| 999 |
_aA12574 _c16142 _d16142 |
||